书目信息 |
| 题名: |
室内消火栓安装 JSJT-87 全国通用建筑标准设计给水排水标准图集87S163
|
|
| 作者: | 国家机械工业委员会第一设计研究院 主编 | |
| 分册: | ||
| 出版信息: | 北京 中国建筑标准设计研究所 1999.01 |
|
| 页数: | 16页 | |
| 开本: | 16开 | |
| 丛书名: | ||
| 单 册: | ||
| 中图分类: | TU892 | |
| 科图分类: | ||
| 主题词: | 房屋建筑设备:安全设备 | |
| 电子资源: | ||
| ISBN: | ||
| 000 | 00800nam0 2200193 45 | |
| 001 | 0003061533 | |
| 005 | 20000306150331.5 | |
| 010 | @d9.00元 | |
| 100 | @a20000306d1999 km y0chiy0120 ea | |
| 101 | @achi | |
| 105 | @a z 000yy | |
| 200 | 1 | @a室内消火栓安装 JSJT-87 全国通用建筑标准设计给水排水标准图集87S163@AShi Nei Xiao Huo Shuan An Zhuang JSJT-87 Quan Guo Tong Yong Jian Zhu Biao Zhun She Ji GeiShui Pai Shui Biao Zhun Tu Ji 87S163@f国家机械工业委员会第一设计研究院主编@FGuo Jia Ji Xie Gong Ye Wei Yuan Hui Di Yi She Ji Yan Jiu Yuan Zhu Bian |
| 210 | @a北京@c中国建筑标准设计研究所@d1999.01 | |
| 215 | @a16页@d16开 | |
| 606 | 0 | @a房屋建筑设备:安全设备 |
| 690 | @aTU892@v3 | |
| 701 | @a国家机械工业委员会第一设计研究院@4主编 | |
| 801 | @aCN@bPftUser@c20000306 | |
| 905 | @f1@b49663@dTU892@eG:347 | |
| 室内消火栓安装 JSJT-87 全国通用建筑标准设计给水排水标准图集87S163/国家机械工业委员会第一设计研究院主编.-北京:中国建筑标准设计研究所,1999.01 |
| 16页;16开 |
| ISBN :9.00元 |
| ● |
| 相关链接 |
|
|
|
正题名:室内消火栓安装JSJT-87全国通用建筑标准设
索取号:TU892/G:347
 
预约/预借
| 序号 | 登录号 | 条形码 | 馆藏地/架位号 | 状态 | 备注 |
| 1 | 49663 | 200496631 | 建筑库201/201建筑库 103排5列1层/ [索取号:TU892/G:347] | 在馆 |